Statistics for 2022 World Cup Teams

Click here to take the quiz!

General Stats

  • This quiz has been taken 73 times
    (42 since last reset)
  • The average score is 24 of 30

Answer Stats

ContinentCountry% Correct
South AmericaBrazil
97%
South AmericaArgentina
94%
EuropeFrance
94%
AsiaJapan
92%
EuropeSpain
92%
EuropeEngland
89%
North AmericaMexico
89%
EuropePortugal
89%
AsiaSouth Korea
89%
North AmericaUSA
86%
EuropeNetherlands
83%
AsiaSaudi Arabia
83%
EuropeGermany
81%
South AmericaUruguay
81%
EuropeBelgium
78%
North AmericaCanada
78%
EuropeCroatia
75%
EuropePoland
75%
AsiaQatar
75%
AfricaCameroon
72%
AfricaGhana
72%
AfricaSenegal
72%
EuropeWales
72%
South AmericaEcuador
69%
AsiaIran
69%
EuropeDenmark
67%
AfricaMorocco
67%
AfricaTunisia
67%
EuropeSwitzerland
64%
EuropeSerbia
56%

Score Distribution

Percentile by Number Answered

Percent of People with Each Score

Your Score History

You have not taken this quiz since the last reset